000 00638nac a22001931u 4500
010 _a 92015277
020 _a0750607327
020 _a0240514238
082 0 0 _a621.3892
_bC238
090 _c4190
_d4190
100 _aCapel, Vivian.
245 1 0 _aPublic address systems /
_cVivian Capel.
260 _aOxford ;
_aBoston :
_bFocal Press,
_c1992.
300 _a250 p. :
_bill. ;
_c24 cm.
500 _aIncludes index.
650 0 _aPublic address systems.
942 _cBB
_k621.3892C238
999 _c4190
_d4190